LDR 00949naa#a2200217#i#450# 001 RU\\bibl\121283 005 20260501213319.5 011 ## _a1994-4683 100 ## _a20230803b2023####ek#y0rusy0150####ca 102 ## _aRU 200 1# _aИССЛЕДОВАНИЕ ИГРОВОЙ ТАКТИКИ ВОЛЕЙБОЛЬНОЙ КОМАНДЫ В ЗАВИСИМОСТИ ОТ ОППОНЕНТА _eЖурнальная статья 210 1# _aМосква _cНациональный государственный Университет физической культуры, спорта и здоровья им. П.Ф. Лесгафта _d2023 215 ## _a4 с. 608 ## _aЖурнальная статья _2local 675 ## _aВолейбол. 796.325 _z 700 #1 _aКарева _gЮ Ю 700 #1 _aДавыдова _gА Ю 700 #1 _aЛевченко _gА В 700 #1 _aЛевченко _gС В 700 #1 _aЖмуров _gС А 856 4# _auchzapiski.lesgaft.spb.ru _u